An introduction to classical and real analysis
Αποθηκεύτηκε σε:
| Κύριος συγγραφέας: | |
|---|---|
| Μορφή: | Βιβλίο |
| Γλώσσα: | English |
| Δημοσίευση: |
London :
Chapman & Hall,
1996
|
| Έκδοση: | 1st ed., Repr. |
| Θέματα: | |
| Ετικέτες: |
Προσθήκη ετικέτας
Δεν υπάρχουν, Καταχωρήστε ετικέτα πρώτοι!
|
MARC
| LEADER | 00000nam a2200000 i 4500 | ||
|---|---|---|---|
| 001 | 1/54091 | ||
| 008 | 951030s19811996 eng d | ||
| 020 | |a 0-412-74210-1 | ||
| 035 | |1 ΕΛΗ |a 1995 |b 2410 |c ΚΑΝΔΥΛΑΚΗΣ |l 10044894 | ||
| 040 | |a GR-MY-UA |b gre |e aacr | ||
| 041 | 0 | |a eng | |
| 082 | 0 | |a 515 | |
| 100 | 1 | |a Stromberg, Karl Robert |d 1931- | |
| 245 | 1 | 3 | |a An introduction to classical and real analysis / |c Karl R. Stromberg |
| 250 | |a 1st ed., Repr. | ||
| 260 | |a London : |b Chapman & Hall, |c 1996 | ||
| 300 | |a ix, 575 p.; |c 24 cm. | ||
| 500 | |a Includes bibliographies and index | ||
| 650 | 0 | 0 | |a Mathematical analysis. |
| 852 | |a INST |b SAMOS |e 19951030 |h 515 STR |p 005300012053 |q 005300012053 |t BK |y 0 | ||
| 901 | |a BIBL-1997-2 | ||
| 909 | |a Σ |b 051476 | ||